Kriminal terimleri sözlüğü / (Record no. 15827)

MARC details
000 -BAŞLIK
Sabit Uzunlukta Kontrol Alanı 00747nam a22002177a 4500
999 ## - SİSTEM KONTROL NUMARALARI (KOHA)
Koha Biblionumber 15827
Koha Biblioitemnumber 15827
003 - KONTROL NUMARASI IDENTIFIER
Denetim Alanı MIRAKIL
005 - SON İŞLEM TARİHİ VE ZAMANI
Denetim Alanı 20240328120927.0
008 - SABİT-BOY VERİ ELEMANLARI - GENEL BİLGİLER
Sabit Uzunlukta Kontrol Alanı 240328b tu ||||| |||| 00| 0 tur d
020 ## - ULUSLARARASI STANDART KİTAP NUMARASI
Uluslararası Standart Kitap Numarası 9789751631978
040 ## - KATALOGLAMA KAYNAK
Orijinal Kataloglama Ajansı TR-AnCHP
Metne Dönüştürmek Ajansı TR-AnCHP
041 ## - DİL KODU
Metin / Ses Parça Veya Ayrı Başlığın Dil Kodu tur
082 ## - DEWEY ONLU SINIFLANDIRMA NUMARASI
Sınıflandırma Numarası 364.03
Ürün Numarası K65 2016
245 10 - BAŞLIK TABLOSU
Başlık Kriminal terimleri sözlüğü /
Sorumluluk Tablosu, Vb hazırlayan: Jandarma Genel Komutanlığı Kriminal Dairesi Başkanlığı.
260 ## - YAYIN, DAĞITIM, VB
Yayın, Dağıtım, Vb Yeri Ankara :
Yayıncı, Dağıtıcı, Vs Adı Türk Dil Kurumu,
Yayın, Dağıtım, Vb Tarihi 2016.
300 ## - FİZİKSEL TANIM
Kapsam 161 s. ;
Boyutlar 24 cm.
490 0# - SERİSİ TABLOSU
Seri Beyanı Türk Dil Kurumu yayınları ;
Hacim / Ardışık Tanımı 1168.
504 ## - KAYNAKÇA VB NOT
Kaynakça Vb Notu Kaynakça: 161. s.<br/>
650 #0 - KONU KATMA GİRİŞ - TOPİKAL DÖNEM
9 (RLIN) 7768
Topikal Süreli Veya Coğrafi Ad Giriş Elemanı Sözlükler
Genel Alt Bölümü Kriminoloji
856 ## - ELEKTRONİK YER VE ERİŞİM
Kamu Notu Dijital Nüshası için Partimizin Kütüphane Sorumlusu ile iletişime geçiniz.
942 ## - EKLENDİ GİRİŞ ELEMANLARI (KOHA)
Sınıflandırma Veya Raf Düzeni Kaynak Dewey Decimal Classification
Koha Öğesi Türü Books
Holdings
Kalıcı Konum Mevcut Konum Edinme Tarihi Toplam Check-Out'Lar Tam Çağrı Numarası Barkod Tarih Son Görülme İtibaren Geçerli Fiyatlar Koha Öğesi Türü
CHP Kütüphanesi CHP Kütüphanesi 03/28/2024   364.03 K65 2016 21777 03/28/2024 03/28/2024 Books